[Event "36th Zalakaros Festival 2017"]
[Site "Zalakaros"]
[Date "2017.05.22"]
[Round "5"]
[White "Nguyen, Piotr"]
[Black "Hemant, Sharma"]
[Result "1/2-1/2"]
[WhiteElo "2453"]
[BlackElo "2380"]
[Annotator "TA"]
[PlyCount "89"]
[EventDate "2017.??.??"]
[EventType "swiss"]
[EventCountry "HUN"]
[SourceTitle "playchess.com"]
[Source "ChessBase"]
[SourceQuality "1"]

{[%evp 38,89,51,33,39,44,49,0,14,7,0,0,22,0,26,22,26,45,93,116,126,102,93,91,85,0,0,-6,0,-200,-185,-178,-93,-95,-87,-291,0,-1,-2,-4,-16,-2,0,0,0,-21,-20,-19,0,0,0,-10,0,0]} 1. e4 c5 2. Nf3 Nc6 3. d4 cxd4 4. Nxd4 g6 5. c4 Bg7 6. Be3 Nf6 7. Nc3 d6 8. Be2 O-O 9. O-O Bd7 10. Qd2 Nxd4 11. Bxd4 Bc6 12. f3 a5 13. b3 Nd7 14. Be3 Nc5 15. Rab1 Qb6 16. Rfc1 Rfc8 17. Rc2 h5 {B38: Sicilian: Maroczy Bind with 5...Bg7 and 7...0-0} 18. Bf1 Kh7 19. Ne2 Qd8 20. a3 {LiveBook: 7 Games} Qh8 21. Nf4 {[#]} Be5 $146 ({Predecessor:} 21... b6 22. Kh1 Kg8 23. b4 axb4 24. axb4 Nd7 25. Nd5 Bxd5 26. cxd5 Rxc2 27. Qxc2 {1-0 (55) Bareev,E (2739)-Pavlovic,M (2593) Plovdiv 2003}) 22. b4 axb4 23. axb4 Ra3 $1 {[%cal Ra3e3] [#] aiming for ...Rxe3!} 24. Kh1 Nb3 25. Qf2 Rca8 26. b5 Be8 27. Nd5 Nd4 28. Rd2 {[%cal Re3d4]} Ra1 29. Rxa1 Rxa1 30. f4 (30. Nxe7 $6 Nxb5 31. Ra2 (31. cxb5 Bxb5 32. Re2 Bd4 $15) 31... Rxa2 $11) 30... Bg7 {[#]} 31. Nxe7 (31. Rxd4 Bxd4 32. Bxd4 Rxf1+ 33. Qxf1 Qxd4 $11) (31. Ra2 $1 $16 {[%cal Ra2a1]} Rxa2 32. Qxa2) 31... Nxb5 $11 32. Ra2 ({But not} 32. cxb5 $2 Bxb5 33. Nxg6 (33. Re2 $2 Bxe2 34. Qxe2 Qe8 $19) 33... Qa8 $19) 32... Rb1 {...Nc3 is the strong threat.} 33. Ra5 $2 ({Don't play} 33. cxb5 Bxb5 34. Re2 Bxe2 $17) (33. Nd5 $11) 33... Nc3 $19 {White must now prevent ...Bd7.} 34. Qf3 Bf6 ({Better is} 34... Qf8 $19 35. Nd5 Bc6) 35. Nd5 $17 Bc6 {Hoping for ...Bxd5.} 36. h3 $2 (36. f5 $17 Nxe4 37. fxg6+ fxg6 38. Kg1 Bxd5 39. Rxd5) 36... Bd4 $2 (36... Bxd5 $1 $19 37. cxd5 Bd4 38. Bxd4 Qxd4) 37. Bxd4 $11 {The position is equal.} Qxd4 38. Nxc3 Rb3 39. f5 {Threatens to win with fxg6+.} Rxc3 40. fxg6+ fxg6 41. Qf7+ Qg7 42. Qf4 Qd4 43. Qf7+ Qg7 44. Qf4 Qd4 45. Qf7+ {Precision: White = 56%, Black = 44%.} 1/2-1/2

[Event "36th Zalakaros Festival 2017"]
[Site "Zalakaros"]
[Date "2017.05.22"]
[Round "5"]
[White "Swayams, Mishra"]
[Black "Ivic, Velimir"]
[Result "0-1"]
[WhiteElo "2448"]
[BlackElo "2345"]
[Annotator "TA"]
[PlyCount "90"]
[EventDate "2017.??.??"]
[EventType "swiss"]
[EventCountry "HUN"]
[SourceTitle "playchess.com"]
[Source "ChessBase"]
[SourceQuality "1"]

{[%evp 27,90,102,104,57,54,53,43,35,64,5,38,-15,-22,-38,-37,-35,-19,-58,-16,-14,-14,-48,-47,-68,-20,-22,-28,-43,0,0,0,-24,-50,-126,-33,-43,-37,-46,-59,-62,-69,-287,-173,-166,-131,-351,-327,-327,-333,-619,-587,-29970,-29959,-29977,-29978,-29976,-29978,-29978,-29979,-29978,-29979,-29977,-29978,-6191,-6135]} 1. d4 Nf6 2. c4 g6 3. Nc3 Bg7 4. e4 d6 5. Be2 O-O 6. Nf3 e5 7. Be3 Ng4 8. Bg5 f6 9. Bh4 Nc6 10. d5 Ne7 11. Nd2 h5 12. h3 Nh6 13. g4 hxg4 {E92: King's Indian: Classical: 6 Be2 e5: 7 dxe5, 7 Be3 and Petrosian System without 7...Nbd7} 14. hxg4 Nf7 {[#] LiveBook: 31 Games} 15. Nb3 $146 ({Predecessor:} 15. Qc2 c5 16. O-O-O a6 17. Rh2 Bd7 18. Rdh1 b5 19. Kb1 Rb8 20. Bg3 Qc8 21. f3 {½-½ (40) Gelfand,B (2739)-Nakamura,H (2729) Amsterdam 2010}) 15... c5 {White is slightly better.} 16. Qd3 Bd7 17. Qh3 {Strongly threatening Bxf6!} Re8 $1 18. Kf1 (18. Qh2 $14) 18... Nc8 $11 19. Kg2 (19. Qf3 $1 $14) 19... Bh6 20. Rh2 Kg7 {White must now prevent ...Bf4.} 21. Qd3 a6 22. a4 b6 23. Rah1 Rb8 24. Ra1 Na7 25. Rhh1 Qc7 26. Qf3 Bf4 27. Bg3 $1 {[%cal Rg3f4]} Ng5 28. Qd3 b5 $36 {[%mdl 2048] aiming for ...bxc4. White is under pressure.} 29. axb5 (29. Bxf4 {looks sharper.} exf4 30. Nd2 bxa4 31. Nf3 Nf7 32. e5) 29... axb5 30. Na5 {[#]} (30. Nd2 $15) 30... bxc4 ({Black should play} 30... b4 $1 $17 {[%cal Rb4c3]} 31. Nd1 Rh8) 31. Nxc4 $15 Nb5 {[%cal Ba7b5,Bb5d4,Bd4e2][%mdl 32]} 32. Bxf4 exf4 33. f3 Nd4 {Threatens to win with ...Bxg4!} 34. Ra6 $2 (34. Qd2 $1 $15 Nxe2 35. Nxe2 Bxg4 36. Ng1) 34... Nxe2 35. Nxe2 {[#]} Bxg4 $1 36. fxg4 $2 (36. Ng1 $17 {was worth a try.}) 36... f3+ $19 37. Kf2 {Nf4 is the strong threat.} fxe2 38. Nxd6 $2 {[#]} (38. e5 dxe5 39. Qxe2) 38... Nxe4+ $1 {[%mdl 512]} 39. Nxe4 Qf4+ 40. Qf3 {[#]} e1=Q+ $1 {[%mdl 512]} 41. Rxe1 (41. Kxe1 Qxf3) 41... Rxb2+ 42. Re2 Rxe2+ 43. Kxe2 Rxe4+ 44. Kf2 Qd2+ 45. Kg3 Re3 {Precision: White = 23%, Black = 66%.} 0-1

[Event "36th Zalakaros Festival 2017"]
[Site "Zalakaros"]
[Date "2017.05.22"]
[Round "5"]
[White "Nagy, Gabor"]
[Black "Kantor, Gergely"]
[Result "1/2-1/2"]
[WhiteElo "2446"]
[BlackElo "2481"]
[Annotator "TA"]
[PlyCount "42"]
[EventDate "2017.??.??"]
[EventType "swiss"]
[EventCountry "HUN"]
[SourceTitle "playchess.com"]
[Source "ChessBase"]
[SourceQuality "1"]

{[%evp 16,19,46,42,50,32]} 1. c4 c5 2. Nf3 Nf6 3. g3 b6 4. Bg2 Bb7 5. O-O e6 6. Nc3 d6 7. d4 cxd4 8. Qxd4 a6 9. Rd1 Nbd7 {A30: Symmetrical English: Double Fianchetto and Hedgehog} 10. b3 {Predecessor:} Be7 $146 11. Bb2 O-O 12. Ng5 Bxg2 13. Kxg2 Rc8 14. Nce4 Rc6 15. Qd3 Re8 16. Nxf6+ Nxf6 17. Bxf6 Bxf6 18. Qxh7+ Kf8 19. Qe4 Rc5 20. Nh7+ Kg8 21. Nxf6+ Qxf6 {1-0 (39) Nakamura,H (2779)-Pantsulaia,L (2607) Doha 2016} 1/2-1/2

[Event "36th Zalakaros Festival 2017"]
[Site "Zalakaros"]
[Date "2017.05.22"]
[Round "5"]
[White "Plenca, Jadranko"]
[Black "Zubov, Alexander"]
[Result "0-1"]
[WhiteElo "2446"]
[BlackElo "2604"]
[Annotator "TA"]
[PlyCount "194"]
[EventDate "2017.??.??"]
[EventType "swiss"]
[EventCountry "HUN"]
[SourceTitle "playchess.com"]
[Source "ChessBase"]
[SourceQuality "1"]

{[%evp 16,194,46,45,39,39,39,36,39,18,37,27,41,25,30,23,40,26,22,0,0,-9,0,-22,-12,-16,-4,-4,0,0,18,2,0,0,0,0,0,0,0,0,8,7,4,2,10,0,20,0,8,5,16,0,0,0,0,0,0,-8,0,0,0,0,0,0,8,5,0,8,0,0,0,0,0,0,0,0,0,0,0,0,0,0,0,-285,-285,-285,-285,-285,-277,-252,-278,-322,-308,-315,-300,-12847,-12842,-12847,-12846,-12847,-12843,-12845,-12843,-12847,-12846,-12843,-12850,-12847,-12847,-29938,-29939,-29941,-12847,-12841,-12841,-12849,-29936,-12841,-12845,-29940,-12846,-29938,-29938,-29953,-29956,-29961,-29961,-29961,-29972,-29972,-29971,-29966,-29967,-29970,-29969,-29971,-29971,-29973,-29974,-29976,-29977,-29978,-29978,-29988,-29989,-29989,-29990,-29990,-563,-29981,-29982,-29986,-29987,-29987,-29986,-29988,-29989,-29989,-29988,-29990,-29989,-29989,0,-29990,-29987,-29989,-29987,-29987,0,-29989,-29990,-29992,-29993,-29993,-29994,-29994,-29995,-29995,-29996,-29996,-29997]} 1. e4 g6 2. d4 Bg7 3. Nf3 d6 4. Nc3 Nf6 5. Be2 O-O 6. O-O Nc6 7. d5 Nb8 8. Re1 c6 9. a4 {LiveBook: 11 Games. B08: Pirc Defence: Classical System} (9. Bf1 a6 10. a4 b6 11. Bg5 Bb7 12. Qd2 Nbd7 13. Bh6 Qc7 14. Bxg7 Kxg7 15. Rad1 Rfc8 16. Qf4 b5 17. dxc6 Bxc6 18. axb5 axb5 19. Nxb5 {0-1 (38) Potkin,V (2597)-Mamedyarov,S (2746) Almaty 2016}) 9... Bg4 10. h3 Bxf3 11. Bxf3 {White is slightly better.} Nbd7 12. Be3 $146 ({Predecessor:} 12. Bf4 Rc8 13. a5 cxd5 14. exd5 a6 15. Qd2 Re8 16. Na4 b5 {1-0 (39) Lyell,M (2237)-Chapman,T (2263) Budapest 2008}) 12... Qc7 13. Qd2 Rfe8 14. Bd4 e6 15. dxe6 fxe6 16. Rad1 Rad8 17. Be2 d5 18. exd5 exd5 19. Bf1 a6 20. b3 Qd6 21. g3 Rxe1 22. Rxe1 Re8 (22... Nc5 $5 {[%cal Rf6e4]}) 23. Bg2 Qb4 {And now ...Rxe1+ would win.} 24. Rxe8+ Nxe8 25. Bxg7 $1 Kxg7 26. Qe3 Nef6 27. Ne2 Kf7 28. Nd4 Qe7 29. Qd2 Nc5 (29... Ne4 $5 {[%cal Re4d2]} 30. Qf4+ Nef6 $11) 30. Qf4 Kg7 31. Qd2 Nce4 32. Qe3 Kf7 33. g4 Nd6 34. Qf4 {aiming for g5.} Kg7 35. Bf3 Nd7 36. Kg2 Ne5 37. Be2 c5 38. Nf3 Nc6 39. h4 Qf6 40. Qd2 d4 41. Qg5 Ne4 42. Qxf6+ Kxf6 $11 {[%mdl 4096] Endgame KBN-KNN} 43. Bd3 Nd6 $1 44. Ng5 b5 $1 45. axb5 axb5 46. Nxh7+ Kg7 47. Ng5 {Ne6+ is the strong threat.} c4 48. bxc4 bxc4 49. h5 $2 {[%mdl 8192]} (49. Be2 $11 {and White is okay.}) 49... cxd3 $19 50. cxd3 gxh5 51. gxh5 Kh6 52. Ne6 Kxh5 53. Kf1 Kg4 54. Ke2 Nb5 55. Nxd4 $2 (55. Kd2 Nd6 {[#]} 56. f3+ $1 {[%mdl 512]} Kxf3 57. Nxd4+ $1 {[%mdl 512]} Nxd4 58. Kc3) 55... Nbxd4+ 56. Kd2 Kf3 57. Kc3 Ne2+ 58. Kc4 Ncd4 59. Kd5 Kxf2 60. Ke4 Kg3 61. Ke3 Kg2 62. Ke4 Kf2 63. Kd5 Kf3 (63... Kg3 $142 64. Ke4 Kg4 65. Kd5 Kf5 66. Kd6 Nf4 67. Kc7 Ke5 68. Kd7 Nd5 69. Kc8 Kd6 70. Kb7 Ne6 71. Ka6 Kc6 72. Ka5 Nc5 73. d4 Ne6 74. Ka4 Nb6+ 75. Kb4 Kd5 76. Kb3 Nf4 77. Kc3 Nc4 78. Kc2 Ne2 79. Kd1 Nf4 80. Ke1 Nd6 81. Kf2 Nc4 82. Kf3 Ne6 83. Kg3 Nd2 84. Kg4 Ne4 85. Kf3 Nd6 86. Ke2 Ng5 87. Kd1 Nde4 88. Kc2 Nh7 89. Kd3 Nf8 90. Kc2 Ng6 91. Kd3 Nf8 92. Ke2 Ne6 93. Kf3 Nd6 94. Kg4 Ne8 95. Kf3 Ng5+ 96. Kg3 Ne4+ 97. Kg4 N4d6 98. Kg5 Ne4+ 99. Kg4 Nc7 100. Kh4 Ne6 101. Kg4 Nd6 102. Kf3 Ng5+ 103. Kg3 Nde4+ 104. Kg2 Nf7 105. Kf3 Nfd6 106. Ke3 Nc4+ 107. Ke2 Nf6 108. Kf2 Nd6 109. Ke2 Nc4 110. Kf2 Ne8 111. Ke1 Ncd6 112. Ke2 Nf6 113. Kf3 Nfe4 114. Kg4 Ne8 115. Kf4 N8d6 116. Kg4 Ne8 117. Kf4 Ng7 118. Ke3 Ne8 119. Kd3 N8d6 120. Ke3 Ne8 121. Ke2 N4d6 122. Kf1 Nc4 123. Ke1) 64. Ke5 Ke3 65. Kd5 Kf4 66. Kd6 Nc3 67. Kc5 Ke5 68. Kc4 Nce2 69. Kc5 Ke6 70. Kc4 Kd6 71. Kb4 Kd5 72. Ka5 Nc3 73. Kb6 Ncb5 74. Ka6 Kc6 75. Ka5 Kc5 76. Ka4 Nc3+ 77. Ka3 Kb5 78. Kb2 Nce2 79. Ka2 Ka4 80. Kb2 Kb4 81. Ka2 Nc1+ (81... Nc2 $142 82. d4 Na3 83. Kb2 Nc4+ 84. Kc2 Nd6 85. d5 Kc5 86. Kd2 Nf4 87. Ke3 Ng6 88. Kf3 Kd4 89. Ke2 Ne5 90. Kd2 Nf3+ 91. Ke2 Ke4 92. Kf2 Nd4 93. Ke1 Ke3 94. Kf1 Kf3 95. Ke1 Ke3 96. Kf1 N4f5 97. Ke1 Ng3 98. Kd1 Ne2 99. Kc2 Nf4 100. Kc3 Ng6 101. Kb2 Kd2 102. Kb3 Kd3 103. Kb4 Kd4 104. Kb3 Nf8 105. Kb4 Nd7 106. Kb3 Kd3 107. Kb4 Kc2 108. Ka3 Nc5 109. Kb4 Nd7 110. Ka3 Nc5 111. Kb4 Nd7) 82. Kb2 Ncb3 83. Ka2 Kc3 84. Ka3 Nc5 85. Ka2 Na4 86. Ka3 Nb2 87. Ka2 Nb5 88. Kb1 Nd4 89. Ka2 {White hopes to continue with Kb1.} Nc6 90. Ka3 Na7 91. Ka2 Nb5 92. Kb1 $1 Na3+ {Black mates.} 93. Kc1 Nc2 94. d4 Nb4 95. Kb1 N2d3 96. d5 Kb3 97. d6 Na2 {Precision: White = 40%, Black = 58%.} 0-1

[Event "36th Zalakaros Festival 2017"]
[Site "Zalakaros"]
[Date "2017.05.22"]
[Round "5"]
[White "Munkhgal, Gombosuren"]
[Black "Aleksandrov, Aleksej"]
[Result "0-1"]
[WhiteElo "2445"]
[BlackElo "2559"]
[Annotator "TA"]
[PlyCount "106"]
[EventDate "2017.??.??"]
[EventType "swiss"]
[EventCountry "HUN"]
[SourceTitle "playchess.com"]
[Source "ChessBase"]
[SourceQuality "1"]

{[%evp 13,106,31,31,14,16,0,20,-11,0,-5,0,-10,-6,-20,0,-29,-30,-26,-32,-48,-47,-47,-40,-41,-41,-46,-47,-45,-44,-44,-38,-78,-79,-77,-73,-112,-99,-105,-102,-148,-153,-151,-156,-147,-131,-175,-173,-156,-162,-174,-174,-189,-165,-156,0,-185,-178,-221,-212,-231,-220,-247,-248,-230,-231,-250,-216,-272,-260,-308,-293,-293,-287,-388,-390,-390,-393,-489,-491,-483,-464,-464,-459,-484,-461,-600,-585,-575,-557,-1207,-1054,-1113,-1092,-898,-545]} 1. d4 Nf6 2. c4 e6 3. Nc3 d5 4. Nf3 Bb4 5. cxd5 exd5 6. Bf4 {D38: Queen's Gambit Declined: Ragozin Defence (4 Nf3 Bb4)} (6. Bg5 h6 7. Bh4 O-O 8. e3 Bf5 9. Qb3 Bxc3+ 10. Qxc3 Nbd7 11. Nd2 Rc8 12. Be2 c5 13. O-O Qb6 14. Rfc1 Rfe8 15. Kf1 {½-½ (40) Karjakin,S (2783)-Harikrishna,P (2755) Shamkir 2017}) 6... c6 7. e3 Bf5 {LiveBook: 4 Games} 8. Qb3 {White is slightly better.} Qb6 9. Be2 (9. Nh4 {is more complex.} Be6 10. Bd3 Nh5 11. O-O Be7 12. Nf3) 9... Be7 10. O-O $146 (10. Nh4 {seems wilder.} Be6 11. Qc2 Nbd7 12. h3 Ne4 13. Nf3) ({Predecessor:} 10. Qxb6 axb6 11. a3 Nbd7 12. O-O O-O 13. Bg5 h6 14. Bxf6 Bxf6 {0-1 (52) Alt,H (1928)-Spengler,H (2076) Homburg 2010}) 10... Qxb3 11. axb3 Nbd7 12. h3 (12. Nh4 $5 {[%cal Rh4f5]} Be6 13. h3 $11) 12... h5 13. Rfc1 h4 14. Bg5 Ne4 15. Bxe7 Kxe7 16. Nxe4 Bxe4 17. Nd2 Nf6 18. b4 a6 19. Nb3 Kd6 20. Nc5 Rab8 21. Ra3 Bf5 (21... Rhd8 {is interesting.} 22. Bd1 Bh7 23. Ba4 g5 24. Rf1 Rh8) 22. Bd3 Bxd3 23. Rxd3 Rhe8 24. f3 Re7 25. Kf2 Rbe8 26. g4 hxg3+ $1 27. Kxg3 Kc7 ({Worse is} 27... Rxe3 28. Rxe3 Rxe3 29. Nxb7+ Kc7 30. Kf2 $11) 28. Kf2 Rh8 29. Rg1 Ne8 (29... Rxh3 30. Rxg7 Ne8 31. Rg8 $17) 30. Rh1 Nd6 31. Rc3 Rhe8 32. Re1 Nf5 33. Rd3 Nd6 34. Rc3 $1 Kb6 35. Rc2 Kb5 36. Nd3 f6 37. Nf4 g5 ({Resist} 37... Kxb4 38. Ng6) 38. Rc5+ {[#]} Kb6 $1 39. Nh5 Rf7 40. Ng3 Rh7 41. Kg2 f5 42. Rcc1 Kb5 43. e4 fxe4 44. fxe4 Nxe4 45. Nf5 Rf8 {Black is clearly winning.} 46. Ng3 Nxg3 47. Kxg3 $19 {[%mdl 4096] Endgame KRR-KRR} Rf4 48. Re5 Rxd4 49. Rxg5 Rd3+ 50. Kf4 Rdxh3 51. Ke5 R3h5 52. Rxh5 Rxh5+ 53. Kd6 Kb6 {Precision: White = 32%, Black = 79%.} 0-1

[Event "36th Zalakaros Festival 2017"]
[Site "Zalakaros"]
[Date "2017.05.22"]
[Round "5"]
[White "Ikeda, Junta"]
[Black "Sadhwani, Raunak"]
[Result "1-0"]
[WhiteElo "2412"]
[BlackElo "2298"]
[Annotator "TA"]
[PlyCount "93"]
[EventDate "2017.??.??"]
[EventType "swiss"]
[EventCountry "HUN"]
[SourceTitle "playchess.com"]
[Source "ChessBase"]
[SourceQuality "1"]

{[%evp 9,93,-11,29,0,0,0,0,0,0,0,0,0,0,0,0,7,20,0,11,0,41,41,29,25,35,27,22,49,53,48,64,75,91,93,249,252,225,155,222,229,235,217,238,243,252,254,276,276,276,271,247,262,253,197,268,246,306,298,300,308,283,281,281,241,271,247,312,304,482,460,756,583,2160,1876,2255,2243,29984,29985,29985,29986,29982,29983,29992,29993,29993,29994]} 1. e4 c6 2. d3 d5 3. Nd2 e5 4. Ngf3 Bd6 5. g3 f5 6. Qe2 {B10: Caro-Kann: 2 d3 and 2 c4} (6. Bg2 Nf6 7. O-O O-O 8. c3 Na6 9. b4 Nc7 10. Bb2 a5 11. a3 axb4 12. cxb4 fxe4 13. dxe4 d4 14. Ne1 {½-½ (53) Strikovic,A (2520)-Ezat,M (2360) Dos Hermanas 2004}) 6... fxe4 7. dxe4 Nf6 8. Bg2 $1 {The position is equal.} O-O 9. O-O Qe7 10. Re1 Bg4 11. h3 Bxf3 12. Bxf3 Na6 $146 {[%cal Bb8a6,Ba6b4,Bb4c6,Bc6e5,Be5d3][%mdl 32]} ({Predecessor:} 12... Nbd7 13. Bg2 Bc5 14. Rf1 {0-1 (50) Manolov,I (2390)-Verat,L (2280) Cannes 1992}) 13. exd5 cxd5 14. Nb3 Nb4 15. a3 $36 {[%mdl 2048] Black is under pressure.} Nc6 16. c4 e4 17. Bg2 Ne5 18. cxd5 Nd3 19. Rf1 $1 Qe5 20. Be3 $1 Qxd5 {[#]} 21. Nd2 $1 {[%cal Rd2e4] And now Nxe4! would win.} Rfd8 $2 (21... Rad8 $16 {might work better.}) 22. Rad1 Bf8 23. g4 {Threatens to win with g5.} h6 {[#]} (23... g5 $16 24. h4 gxh4) 24. Nxe4 $1 $18 {[%mdl 512]} Nxe4 {[#]} 25. Bxh6 $1 {[%mdl 512]} Qe6 (25... gxh6 26. Bxe4) 26. Rxd3 ({Don't take} 26. Bxe4 $6 Nc5) 26... Rxd3 27. Qxd3 Nc5 28. Bd5 Nxd3 29. Bxe6+ Kh8 30. Be3 Nxb2 31. Rc1 Re8 (31... b5 $142 32. Rc7 a6) 32. Bf7 Re7 33. Bg6 Re6 34. Rc8 {[%cal Rc8f8]} ({Not} 34. Bxa7 Rxg6 35. Rc8 Kg8 $16) 34... Rxg6 35. Rxf8+ {[%mdl 4096] Endgame KRB-KRN} Kh7 36. Bxa7 b6 37. f4 {[%cal Bf2f4,Bf4f5][%mdl 32]} Nc4 38. f5 Rd6 (38... Rc6 $142 39. g5 Rd6) 39. g5 {[%cal Bg4g5,Bg5g6][%mdl 32]} Nxa3 (39... g6 $142 40. f6 Rd1+ 41. Kf2 Rd2+ 42. Ke1 Ra2) 40. Bb8 Rd4 41. Be5 Re4 42. Bb2 {g6+ would kill now.} Nc4 43. g6+ {White mates.} Kh6 44. Bc1+ Ne3 45. Kf2 Kh5 46. Bxe3 Rxe3 47. Kxe3 {Precision: White = 83%, Black = 34%.} 1-0

[Event "36th Zalakaros Festival 2017"]
[Site "Zalakaros"]
[Date "2017.05.22"]
[Round "5"]
[White "Kozak, Adam"]
[Black "Beletic, Daniel"]
[Result "1-0"]
[WhiteElo "2411"]
[BlackElo "2315"]
[Annotator "TA"]
[PlyCount "129"]
[EventDate "2017.??.??"]
[EventType "swiss"]
[EventCountry "HUN"]
[SourceTitle "playchess.com"]
[Source "ChessBase"]
[SourceQuality "1"]

{[%evp 12,129,56,37,53,62,69,79,83,73,85,72,87,76,86,71,60,62,64,64,72,59,84,82,44,34,130,114,174,174,171,154,130,119,117,113,117,108,222,114,120,102,116,55,84,73,52,42,94,69,69,67,63,72,72,66,71,25,18,25,27,25,93,93,93,93,93,51,68,0,93,93,93,91,93,93,93,93,93,93,93,0,39,39,93,84,88,91,157,28,29,0,148,84,83,83,91,83,113,92,107,107,99,104,107,99,108,69,67,68,61,0,101,100,126,112,114,117,580,572]} 1. Nf3 d6 2. d4 g6 3. c4 Bg7 4. Nc3 e5 5. dxe5 dxe5 6. Qxd8+ Kxd8 7. g3 {LiveBook: 20 Games. A41: 1 d4 d6: Tartakower System and Modern Defence} f6 8. Bg2 Nc6 $146 ({Predecessor:} 8... Na6 9. b3 Nh6 10. Ba3 Bf8 11. Bb2 Nf7 12. O-O-O+ Ke8 13. Nd2 c6 14. f4 Be6 {1-0 (51) Kozul,Z (2586)-Zlatanovic,B (2398) Skopje 2014}) 9. O-O {White is slightly better.} Be6 10. Rd1+ Kc8 11. b3 Nge7 12. Bb2 a5 13. Ne4 b6 14. Nc3 Rd8 15. Rxd8+ Kxd8 16. Rd1+ Ke8 17. Nb5 $1 {[%cal Rb5c7]} Rc8 18. Ba3 Nb4 ({Better is} 18... a4 $14) 19. Ne1 $16 Kf7 (19... Bd7 $16) 20. Bxb4 $1 $18 axb4 21. Nc2 f5 22. Nxb4 e4 23. f3 exf3 24. Bxf3 Kg8 (24... Be5 $16) 25. Nc6 (25. Bb7 $18 Rb8 26. Nxc7 Bxc4 27. bxc4 Rxb7 28. Rd8+ Kf7 29. Rd7) 25... Nxc6 $16 26. Bxc6 Be5 27. e3 (27. Bd7 $16 Bxd7 28. Rxd7) 27... Kf8 28. Kf2 Ke7 29. Nd4 Bd6 (29... Rd8 $14) 30. Ke2 Rh8 31. a4 h5 32. Nf3 Kf6 33. Kf2 g5 34. h4 (34. Bd5 $5 {[%cal Rd5e6]}) 34... gxh4 35. Nxh4 Rg8 36. Rg1 Bc5 (36... Bf7 $11) 37. Ng2 $1 Rd8 38. Ke2 $1 Rg8 39. Kf3 Rd8 40. Ke2 Rg8 $1 41. Nf4 Bf7 42. Nd3 Bd6 43. Kf2 $1 Rd8 {Black wants to play ...Bxg3+.} 44. Rd1 Rh8 {[#]} 45. Rh1 $1 Rd8 {[#]} 46. Rd1 (46. Bd5 $1 $16) 46... Rh8 $1 $14 47. Bf3 Re8 (47... h4 $14) 48. Nf4 Bc5 49. Rd3 ({Reject} 49. Nxh5+ $6 Kg5 $11) ({Of course not} 49. Bxh5 $6 Bxh5 50. Nxh5+ Kg5 $11) 49... Kg5 ({Black should try} 49... Rh8) 50. Nh3+ (50. Bc6 $16 Re7 51. Bd5) 50... Kf6 $11 51. Nf4 ({White should play} 51. Bg2 $11) 51... Kg5 $16 52. Ng2 (52. Bc6 $142 Re7 53. Bd5) 52... Re7 53. Rd8 Be8 54. Rd1 c6 55. Be2 Kf6 56. Rd3 Ra7 57. Rd8 Ke7 58. Rd1 Kf6 59. Nf4 Re7 60. Rd3 Rh7 61. Ng2 (61. Rd8 $14 Re7 62. Bxh5 Bxe3+ 63. Kf3 Bxf4 64. Rxe8 (64. Bxe8 Bc7 $14)) 61... Re7 (61... Ra7 $1 $11 {keeps the balance.}) 62. Bf3 Ra7 63. Rd8 Ke7 64. Rc8 Rd7 $2 {[%mdl 8192] [#]} (64... Bd7 $16 {is more resistant.} 65. Rh8 b5) 65. Rxe8+ $1 {[%mdl 512] Precision: White = 63%, Black = 48%.} 1-0

[Event "36th Zalakaros Festival 2017"]
[Site "Zalakaros"]
[Date "2017.05.22"]
[Round "5"]
[White "Cuhendi, Sean Winshand"]
[Black "Prohaszka, Peter"]
[Result "0-1"]
[WhiteElo "2407"]
[BlackElo "2596"]
[Annotator "TA"]
[PlyCount "86"]
[EventDate "2017.??.??"]
[EventType "swiss"]
[EventCountry "HUN"]
[SourceTitle "playchess.com"]
[Source "ChessBase"]
[SourceQuality "1"]

{[%evp 18,86,0,4,13,0,-4,-10,0,-32,8,0,0,0,24,0,20,0,0,0,14,0,0,0,14,-38,-22,-24,-32,-25,-32,-33,-25,-43,-33,-41,-41,-86,-88,-137,-135,-152,-152,-153,-152,-152,-152,-343,-339,-332,-323,-314,-310,-272,-222,-216,-191,-204,-149,-144,-144,-144,-140,-296,-304,-390,-418,-462,-462,-833,-811]} 1. e4 c6 2. d4 d5 3. Nc3 dxe4 4. Nxe4 Nf6 5. Nxf6+ exf6 6. Nf3 Bd6 7. Be2 O-O 8. O-O Re8 9. Be3 Be6 10. c4 Nd7 {[%cal Bb8d7,Bd7f8,Bf8g6,Bg6f4][%mdl 32] B15: Caro-Kann: 3 Nc3: 3...g6 and 3...dxe4 4 Nxe4 Nf6 5 Nxf6+ exf6} 11. Qd2 Nf8 12. Rfd1 Ng6 {The position is equal.} 13. Rac1 $146 ({Predecessor:} 13. d5 cxd5 14. cxd5 Bd7 {0-1 (34) Solomunovic,I (2429)-Lechtynsky,J (2399) Germany 2003}) 13... Qb8 14. h3 Nf4 {White should prevent ...Bb4!} 15. Bf1 Bf5 16. Nh4 Be6 17. Nf3 a5 18. a3 a4 19. d5 cxd5 20. Nd4 Bd7 21. Ne2 (21. Nb5 $11 Bxb5 22. cxb5) 21... Nxe2+ $1 $15 22. Bxe2 {[#]} d4 $1 {[%mdl 512]} 23. Qxd4 Bh2+ 24. Kh1 Bc6 25. Bd3 Be5 $36 {[%mdl 2048] Black has some pressure.} 26. Qh4 $1 g6 27. Rd2 {[#]} Qc7 $1 28. Rcd1 Rad8 29. Qg4 h5 30. Qh4 Kg7 31. c5 f5 32. Bxf5 $2 (32. Bc2 $17 Rxd2 33. Bxd2) 32... Rxd2 $19 33. Bxd2 gxf5 34. Qg5+ Kf8 35. Qxf5 Bg7 {White must now prevent ...Re5.} ({Don't do} 35... Bxb2 36. Bf4 $19) 36. Bf4 Qa5 37. Qxh5 Re1+ ({And not} 37... Bxb2 38. Bh6+ Bg7 39. Bxg7+ Kxg7 40. Qg5+ Kf8 41. Qh6+ Kg8 42. Qg5+ Kf8 43. Qh6+ Kg8 44. Qg5+ Kf8 $11) 38. Kh2 Rxd1 (38... Bxb2 $6 39. Rd3 $11) 39. Qxd1 {[#]} Kg8 $1 ({Reject} 39... Bxb2 $6 40. Bd6+ Kg7 41. Qg4+ Kh8 42. Qh5+ Kg8 43. Qg4+ Kh8 44. Qh5+ Kg7 45. Qg5+ Kh7 46. Qf5+ Kg7 47. Qg5+ Kh7 48. Qf5+ Kg7 49. Qg5+ $11) 40. h4 $2 (40. Qd6 $17 {was worth a try.}) 40... Qxc5 41. Qg4 Kh7 42. Be3 Qd5 43. f4 (43. Bc1 $142) 43... Bxb2 {Precision: White = 33%, Black = 79%.} 0-1